000
00268nam a2200109Ia 4500
008
200302s9999 xx 000 0 und d
100
_a
Alvaro Siza
245
_a
EL Croquis
260
_b
el Sentido de Las Cosas the Meaning of Things
260
_c
2008
300
_a
322 P.,
999
_c
2597
_d
2597